<?xml version="1.0" encoding="UTF-8"?>
<record
    xmlns:xsi="http://www.w3.org/2001/XMLSchema-instance"
    xsi:schemaLocation="http://www.loc.gov/MARC21/slim http://www.loc.gov/standards/marcxml/schema/MARC21slim.xsd"
    xmlns="http://www.loc.gov/MARC21/slim">

  <leader>00538nam a22001937a 4500</leader>
  <datafield tag="999" ind1=" " ind2=" ">
    <subfield code="c">7209</subfield>
    <subfield code="d">7209</subfield>
  </datafield>
  <controlfield tag="003">GBCCL</controlfield>
  <controlfield tag="005">20241126110622.0</controlfield>
  <controlfield tag="008">180718b           ||||| |||| 00| 0 eng d</controlfield>
  <datafield tag="040" ind1=" " ind2=" ">
    <subfield code="c">gbc</subfield>
  </datafield>
  <datafield tag="082" ind1=" " ind2=" ">
    <subfield code="a">651.53</subfield>
    <subfield code="b">PUR</subfield>
  </datafield>
  <datafield tag="100" ind1=" " ind2=" ">
    <subfield code="a">Puri, G. K.</subfield>
    <subfield code="9">12760</subfield>
  </datafield>
  <datafield tag="245" ind1=" " ind2=" ">
    <subfield code="a">Office procedures and drafting /</subfield>
    <subfield code="c">G. K. Puri</subfield>
  </datafield>
  <datafield tag="260" ind1=" " ind2=" ">
    <subfield code="a">New Delhi:</subfield>
    <subfield code="b">Competition Review,</subfield>
  </datafield>
  <datafield tag="300" ind1=" " ind2=" ">
    <subfield code="a">176 p.;</subfield>
    <subfield code="b">ill.,</subfield>
    <subfield code="c">19 cm.</subfield>
  </datafield>
  <datafield tag="440" ind1=" " ind2=" ">
    <subfield code="a">Competition Success Review</subfield>
    <subfield code="9">12761</subfield>
  </datafield>
  <datafield tag="650" ind1=" " ind2=" ">
    <subfield code="a">Management</subfield>
    <subfield code="9">2875</subfield>
  </datafield>
  <datafield tag="650" ind1=" " ind2=" ">
    <subfield code="a">Drafting and procedures</subfield>
    <subfield code="9">12762</subfield>
  </datafield>
  <datafield tag="942" ind1=" " ind2=" ">
    <subfield code="2">ddc</subfield>
    <subfield code="c">BK</subfield>
  </datafield>
  <datafield tag="952" ind1=" " ind2=" ">
    <subfield code="0">0</subfield>
    <subfield code="1">0</subfield>
    <subfield code="2">ddc</subfield>
    <subfield code="4">0</subfield>
    <subfield code="7">0</subfield>
    <subfield code="a">GBC</subfield>
    <subfield code="b">GBC</subfield>
    <subfield code="c">GS</subfield>
    <subfield code="d">2018-07-18</subfield>
    <subfield code="l">0</subfield>
    <subfield code="o">651.53 PUR</subfield>
    <subfield code="p">003433</subfield>
    <subfield code="r">2025-05-01 00:00:00</subfield>
    <subfield code="t">c.1</subfield>
    <subfield code="w">2018-07-18</subfield>
    <subfield code="y">BK</subfield>
  </datafield>
</record>
